Influence of manufacturing parameters on microstructure and hydrogen sorption behavior of electron beam melted titanium Ti-6Al-4V alloy; Materials; Vol. 11, iss. 5
| Parent link: | Materials Vol. 11, iss. 5.— 2018.— [763, 12 p.] |
|---|---|
| Співавтор: | |
| Інші автори: | , , , , , , , |
| Резюме: | Title screen Influence of manufacturing parameters (beam current from 13 to 17 mA, speed function 98 and 85) on microstructure and hydrogen sorption behavior of electron beam melted (EBM) Ti-6Al-4V parts was investigated. Optical and scanning electron microscopies as well as X-ray diffraction were used to investigate the microstructure and phase composition of EBM Ti-6Al-4V parts. The average α lath width decreases with the increase of the speed function at the fixed beam current (17 mA). Finer microstructure was formed at the beam current 17 mA and speed function 98. The hydrogenation of EBM Ti-6Al-4V parts was performed at the temperatures 500 and 650 °С at the constant pressure of 1 atm up to 0.3 wt %. The correlation between the microstructure and hydrogen sorption kinetics by EBM Ti-6Al-4V parts was demonstrated. Lower average hydrogen sorption rate at 500 °C was in the sample with coarser microstructure manufactured at the beam current 17 mA and speed function 85. The difference of hydrogen sorption kinetics between the manufactured samples at 650 °C was insignificant. The shape of the kinetics curves of hydrogen sorption indicates the phase transition [alpha]H + [beta]H->[beta]H. |
| Мова: | Англійська |
| Опубліковано: |
2018
|
| Предмети: | |
| Онлайн доступ: | https://doi.org/10.3390/ma11050763 |
| Формат: | MixedMaterials Електронний ресурс Частина з книги |
| KOHA link: | https://koha.lib.tpu.ru/cgi-bin/koha/opac-detail.pl?biblionumber=666736 |
MARC
| LEADER | 00000naa0a2200000 4500 | ||
|---|---|---|---|
| 001 | 666736 | ||
| 005 | 20251122071715.0 | ||
| 035 | |a (RuTPU)RU\TPU\network\37940 | ||
| 035 | |a RU\TPU\network\31396 | ||
| 090 | |a 666736 | ||
| 100 | |a 20220124d2018 k||y0rusy50 ba | ||
| 101 | 0 | |a eng | |
| 102 | |a CH | ||
| 135 | |a drcn ---uucaa | ||
| 181 | 0 | |a i | |
| 182 | 0 | |a b | |
| 200 | 1 | |a Influence of manufacturing parameters on microstructure and hydrogen sorption behavior of electron beam melted titanium Ti-6Al-4V alloy |f N. S. Pushilina, M. S. Syrtanov, E. B. Kashkarov [et al.] | |
| 203 | |a Text |c electronic | ||
| 300 | |a Title screen | ||
| 320 | |a [References: 49 tit.] | ||
| 330 | |a Influence of manufacturing parameters (beam current from 13 to 17 mA, speed function 98 and 85) on microstructure and hydrogen sorption behavior of electron beam melted (EBM) Ti-6Al-4V parts was investigated. Optical and scanning electron microscopies as well as X-ray diffraction were used to investigate the microstructure and phase composition of EBM Ti-6Al-4V parts. The average α lath width decreases with the increase of the speed function at the fixed beam current (17 mA). Finer microstructure was formed at the beam current 17 mA and speed function 98. The hydrogenation of EBM Ti-6Al-4V parts was performed at the temperatures 500 and 650 °С at the constant pressure of 1 atm up to 0.3 wt %. The correlation between the microstructure and hydrogen sorption kinetics by EBM Ti-6Al-4V parts was demonstrated. Lower average hydrogen sorption rate at 500 °C was in the sample with coarser microstructure manufactured at the beam current 17 mA and speed function 85. The difference of hydrogen sorption kinetics between the manufactured samples at 650 °C was insignificant. The shape of the kinetics curves of hydrogen sorption indicates the phase transition [alpha]H + [beta]H->[beta]H. | ||
| 461 | |t Materials | ||
| 463 | |t Vol. 11, iss. 5 |v [763, 12 p.] |d 2018 | ||
| 610 | 1 | |a электронный ресурс | |
| 610 | 1 | |a труды учёных ТПУ | |
| 610 | 1 | |a electron beam melting | |
| 610 | 1 | |a additive manufacturing | |
| 610 | 1 | |a titanium Ti-6Al-4V alloy | |
| 610 | 1 | |a hydrogen | |
| 610 | 1 | |a электронно-лучевая плавка | |
| 610 | 1 | |a добавки | |
| 610 | 1 | |a титановые сплавы | |
| 610 | 1 | |a водород | |
| 701 | 1 | |a Pushilina |b N. S. |c physicist |c associate Professor of Tomsk Polytechnic University, candidate of physico-mathematical Sciences |f 1984- |g Natalia Sergeevna |3 (RuTPU)RU\TPU\pers\30838 |9 15085 | |
| 701 | 1 | |a Syrtanov |b M. S. |c physicist |c Associate Professor, Researcher of Tomsk Polytechnic University, Candidate of Technical Sciences |f 1990- |g Maksim Sergeevich |3 (RuTPU)RU\TPU\pers\34764 |9 18114 | |
| 701 | 1 | |a Kashkarov |b E. B. |c Physicist |c Associate Professor, Researcher of Tomsk Polytechnic University, Candidate of Physical and Mathematical Sciences |f 1991- |g Egor Borisovich |3 (RuTPU)RU\TPU\pers\34949 |9 18267 | |
| 701 | 1 | |a Murashkina |b T. L. |c Physicist |c Engineer of Tomsk Polytechnic University, Assistant |f 1990- |g Tatiana Leonidovna |3 (RuTPU)RU\TPU\pers\39441 |9 20984 | |
| 701 | 1 | |a Kudiyarov |b V. N. |c physicist |c Associate Professor of Tomsk Polytechnic University, Candidate of Technical Sciences |f 1990- |g Victor Nikolaevich |y Tomsk |3 (RuTPU)RU\TPU\pers\30836 |9 15083 | |
| 701 | 1 | |a Laptev |b R. S. |c physicist, specialist in the field of non-destructive testing |c Associate Professor of Tomsk Polytechnic University, Doctor of Technical Sciences |f 1987- |g Roman Sergeevich |y Tomsk |3 (RuTPU)RU\TPU\pers\31884 |9 15956 | |
| 701 | 1 | |a Lider |b A. M. |c Physicist |c Professor of Tomsk Polytechnic University, Doctor of Technical Sciences |f 1976-2025 |g Andrey Markovich |y Tomsk |3 (RuTPU)RU\TPU\pers\30400 |9 14743 | |
| 701 | 1 | |a Koptyug |b A. V. |g Andrey Valentinovich | |
| 712 | 0 | 2 | |a Национальный исследовательский Томский политехнический университет |b Инженерная школа ядерных технологий |b Отделение экспериментальной физики |3 (RuTPU)RU\TPU\col\23549 |
| 801 | 2 | |a RU |b 63413507 |c 20220124 |g RCR | |
| 856 | 4 | |u https://doi.org/10.3390/ma11050763 | |
| 942 | |c CF | ||